| 000 | 01136nam a22002777a 4500 | ||
|---|---|---|---|
| 005 | 20240530110459.0 | ||
| 008 | 150622s2011 qa f 000 0 ara d | ||
| 020 | _a9789992194126 | ||
| 040 | _aEG-CaGPL | ||
| 082 | 0 | 4 |
_221 _a303.42 _bق/ب ح |
| 100 | 0 | _aبلال فضل | |
| 245 | 1 | 0 |
_aحتى مطلع الفجر : _bشهادتى على مصر قبيل اسقاط نظامة مبارك : (2010 - 2011 ) / _cبلال فضل |
| 250 | _aط1 | ||
| 260 |
_aالدوحة : _bدار بلومزبرى - مؤسسة قطر للنشر ، _c2011 . |
||
| 300 |
_a270 ص ؛ _c24 سم . |
||
| 650 | 0 | 4 | _aثورة 25 يناير |
| 650 | 0 | 4 |
_aالمقلات العربية _xثورة 25 يناير |
| 650 | 0 | 4 | _aالتغير الاجتماعى |
| 650 | 0 | 4 | _aالتمرد و العصيان |
| 651 | 0 | 4 |
_aمصر _xتاريخ _yالعصر الحديث _xحسنى مبارك _yثورة 25 يناير |
| 651 | 0 | 4 |
_aمصر _xروؤساء الجمهورية _xاستغلال السلطة |
| 651 | 0 | 4 |
_aمصر _xالاحوال السياسية |
| 651 | 0 | 4 |
_aمصر _xالطيغان |
| 942 |
_2ddc _cBK |
||
| 999 |
_c61441 _d61441 |
||